Curso de física general

Bibliographic Details
Main Authors: Frish, S., Timoreva, A
Format: Section = Libro
Language:Undetermined
Spanish
Published: Moscú Mir Moscú 1981
Subjects:
LEADER 00421nam a2200181Ia 4500
008 240830s9999 xx 000 0 und d
040 |a CEDOC FIQ-RUSB / 530 F917 
041 |a spa 
082 |a 530 F917 
100 1 |a Frish, S. 
100 1 |b Timoreva, A 
245 1 0 |a Curso de física general 
260 |a Moscú  |b Mir Moscú  |c 1981 
300 |a 3 v : il 
650 7 |a FISICA 
942 |c BK  |2 ddc 
991 |a TEXTO 
999 |c 13346